[Event "EU-chT Railways USIC"]
[Site "Dresden"]
[Date "2000.06.21"]
[Round "3.6"]
[White "Bonardi, Giuseppe"]
[Black "Jonasson, Stig"]
[Result "0-1"]
[WhiteElo "1555"]
[BlackElo "1898"]
[PlyCount "112"]
[EventDate "2000.06.19"]
[EventType "team-swiss"]
[EventRounds "7"]
[EventCountry "GER"]
[SourceTitle "EXT 2002"]
[Source "ChessBase"]
[SourceDate "2001.11.25"]
[SourceVersion "1"]
[SourceVersionDate "2001.11.25"]
[SourceQuality "1"]
[WhiteTeam "Italy (USIC)"]
[BlackTeam "Sweden (USIC)"]
[WhiteTeamCountry "ITA"]
[BlackTeamCountry "SWE"]

1. e4 e6 2. d4 d5 3. exd5 exd5 4. Bd3 Nf6 5. Nf3 Bd6 6. 0-0 0-0 7. Bg5 Bg4 8. Nbd2 Nbd7 9. c3 c6 10. Qc2 Qc7 11. Rae1 Rfe8 12. Re2 Rxe2 13. Bxe2 Bxh2+ 14. Kh1 Re8 15. Bd3 Bf4 16. Bxf4 Qxf4 17. g3 Bxf3+ 18. Kg1 Qg4 19. Nxf3 Qxf3 20. Qd2 Ne4 21. Qc2 Re6 22. Be2 Qf6 23. Qd1 Qg5 24. Bg4 f5 25. Bf3 Rg6 26. Bh5 Rh6 27. Bf3 Ndf6 28. Re1 Qd2 29. Qxd2 Nxd2 30. Bg2 Kf7 31. Re2 Nde4 32. Re3 g5 33. Rf3 Ke6 34. Re3 g4 35. Re1 Kd6 36. Re3 Nd7 37. Bf1 Re6 38. Kg2 Nd2 39. Rd3 Nf3 40. Rd1 Rh6 41. Bd3 Rh2+ 42. Kf1 Ke6 43. Bb1 Nf6 44. Ke2 Ne4 45. Bxe4 fxe4 46. Ke3 h5 47. Rf1 Kf5 48. Rc1 Rg2 49. c4 Rg1 50. Rxg1 Nxg1 51. c5 b6 52. cxb6 axb6 53. a4 Nh3 54. b4 Ke6 55. a5 bxa5 56. bxa5 Kd7 0-1